000 00610nam a2200181 a 4500
001 000025371
005 20200930023735.0
008 110215s1998 dr a 000 0 spa d
040 _aDO-SdBNP
_bspa
_cBNPHU
082 _a291.17
_bP192i
100 1 _aPaniagua M., José
_951945
245 1 3 _aLa iglesia ante la globalización /
_cJosé Paniagua M.
260 _aSanto Domingo :
_bEditora Taller,
_c1998.
300 _a92 p. ;
_c21 cm.
500 _aSugerencias práciticas para la iglesia ante el inminente fenómeno de la globalización
650 4 _aIglesia católica
_xGlobalización
_951946
049 _aBNPD
999 _c24863
_d24863